00493 2200193 4500001002100000005001500021035002000036245007000056100001700126250000600143300002800149700001000177260003100187082000800218084001400226020002200240650002000262990001700282INLIS00000000000044920181031104715 a0010-10180001391 aSerial Toti :bSenjata Makan Tuan /cBijak Studio; Edityor, Eko M0 aBijak Studio a- a24 hlm. :bilus. ;c25.0 aEko M aBogor :bYudhistira,c2007 a813 a813 BIJ s a978-979-746-320-5 aFiksi Indonesia a01575/P/2018